banner-ar

LA CAPITALE DE L'EGYPTE JUSQU'A L'EPOQUE FATIMIDE / (Record no. 714)

MARC details
000 -الفاتح
حقل البيانات ثابتة الطول 00527nam a2200193Ia 4500
008 - عناصر البيانات ثابتة الطول - معلومات عامة
حقل البيانات ثابتة الطول 140319s9999 xx 000 0 aFre d
040 ## - مصدر الفهرسة
وكالة الفهرسة الأصلية GCL /
وكالة النسخ GCL
082 04 - رقم تصنيف ديوى العشرى
رقم التصنيف CC
رقم المادة 962.02
-- A C
100 1# - المدخل الرئيسى - إسم شخصى
الإسم الشخصى AYMAN FUAD SAYYID
245 10 - بيان العنوان
العنوان LA CAPITALE DE L'EGYPTE JUSQU'A L'EPOQUE FATIMIDE /
بيان المسئوليه,etc AYMAN FUAD SAYYID
300 ## - الوصف المادى
التعداد 28 CM ؛
أبعاد الوعاء 714 P
650 04 - المدخل الاضافى بالموضوع-مصطلح موضوعى
مصطلح موضوعي EGYPT
650 04 - المدخل الاضافى بالموضوع-مصطلح موضوعى
مصطلح موضوعي FATIMIDES
650 04 - المدخل الاضافى بالموضوع-مصطلح موضوعى
مصطلح موضوعي CALIPHS
650 04 - المدخل الاضافى بالموضوع-مصطلح موضوعى
مصطلح موضوعي EGYPT - HISTORY - 640 - 1250
942 ## - عناصر المدخل الإضافي( كوها)
مصدر التصنيف او مخطط الترفيف Dewey Decimal Classification
Koha [default] item type كتاب
260 ## - PUBLICATION, DISTRIBUTION, ETC. (IMPRINT)
-- المانيا :
-- STEINER VERLAG
Holdings
حالة التراجع حالة الفقد حالة تلف ليس للاعارة المكان المؤقت الموقع الحالى تاريخ الاكتساب اجمالي اﻻعارات رقم الطلب الباركود تاريخ اخر مشاهدة تاريخ تفعيل السعر نوع وعاء كوها
        مكتبة القاهرة الكبرى مكتبة القاهرة الكبرى 03/26/2014   CC\962.02\A C 1853 03/26/2014 03/26/2014 كتاب

Powered By

EGPV